[Event "73rd RUS-ch Higher League 2020"]
[Site "Sochi"]
[Date "2020.10.09"]
[Round "2.10"]
[White "Esipenko, Andrey"]
[Black "Murzin, Volodar"]
[Result "1-0"]
[WhiteElo "2682"]
[BlackElo "2465"]
[Annotator "TA"]
[PlyCount "85"]
[EventDate "2020.10.08"]
[EventType "swiss"]
[EventCountry "RUS"]
[SourceTitle "playchess.com"]
[Source "ChessBase"]
[SourceQuality "1"]

{[%evp 10,85,21,8,24,24,15,1,16,27,28,32,16,21,55,62,62,18,19,13,0,22,14,22,29,19,53,0,25,0,33,24,69,25,0,0,27,5,20,16,25,11,18,0,0,0,0,0,0,0,25,0,14,8,15,10,27,25,129,117,118,123,110,71,51,58,304,288,297,257,494,227,744,685,724,710,2026,1906]} 1. e4 c5 2. Nf3 d6 3. d4 cxd4 4. Nxd4 Nf6 5. Nc3 a6 6. Bd3 Nbd7 {B90: Sicilian Najdorf: Unusual White 6th moves, 6 Be3 Ng4 and 6 Be3 e5.} 7. Be3 e6 8. a4 Be7 {The position is equal.} 9. a5 O-O {[#]} 10. Nb3 $146 ({Predecessor:} 10. O-O d5 11. exd5 Nxd5 12. Nxd5 exd5 13. c3 Ne5 14. Bxh7+ Kxh7 15. Qh5+ Kg8 16. Qxe5 {1-0 (30) Schouten,M (1718)-Bartolo,F (1504) Mamaia 2017}) 10... Ne5 11. Be2 d5 12. Bb6 Qe8 13. f4 Ng6 14. e5 Nd7 $1 15. Be3 $1 f6 16. exf6 Nxf6 17. O-O Kh8 18. Kh1 Bd6 19. Bc5 Bxc5 20. Nxc5 e5 21. fxe5 Qxe5 22. Ra4 Ne7 {White should prevent ...Nf5.} 23. Qd4 Qc7 24. Bd3 Bd7 $1 25. Nxd7 Qxd7 26. Qh4 {[#] And now Rxf6! would win.} Ne4 27. Raa1 Ng6 28. Qe1 $36 {[%mdl 2048] White has the initiative.} Rxf1+ 29. Bxf1 Qf5 30. Kg1 Re8 31. Rd1 Nf6 32. Qf2 Qe5 33. Qd4 h5 (33... Rd8 $11 {keeps the balance.}) 34. Nxd5 $16 Rd8 {[%cal Rd8d5]} 35. c4 Qg5 36. Qd2 Nf4 {Threatens to win with ...Nh3+.} 37. g3 N6xd5 $2 {This move loses the game for Black.} ({Better is} 37... Qg4 $1 $14) 38. Bg2 $1 $18 {[%mdl 64] [#] Pin} ({Not} 38. cxd5 Rxd5 39. Qc2 Rxd1 $11) 38... Re8 {...Re2 is the strong threat.} 39. cxd5 ({Less strong is} 39. Bxd5 Qg4 $16) 39... Ne2+ $2 (39... Qg4) 40. Kh1 (40. Kf2 $142 Qf5+ 41. Bf3) 40... Qg4 $2 (40... Qxd2 41. Rxd2 Nd4) 41. Re1 {White is clearly winning.} h4 42. gxh4 Qa4 43. d6 {Accuracy: White = 78%, Black = 54%.} 1-0

[Event "73rd RUS-ch Higher League 2020"]
[Site "Sochi"]
[Date "2020.10.09"]
[Round "2.11"]
[White "Sviridov, Valery"]
[Black "Predke, Alexandr"]
[Result "1/2-1/2"]
[WhiteElo "2558"]
[BlackElo "2676"]
[Annotator "TA"]
[PlyCount "105"]
[EventDate "2020.10.08"]
[EventType "swiss"]
[EventCountry "RUS"]
[SourceTitle "playchess.com"]
[Source "ChessBase"]
[SourceQuality "1"]

{[%evp 14,105,0,-20,-24,-47,-44,-44,-44,-45,-46,-50,-29,-37,-36,-40,-35,-39,-44,-47,-32,-52,-27,-27,-41,-34,-40,-27,-12,-5,0,0,0,0,0,0,0,0,0,0,0,0,0,0,0,0,28,0,0,0,0,0,0,0,18,0,44,0,0,0,0,0,8,0,0,0,0,0,3,0,0,0,50,50,51,51,51,51,68,68,68,68,68,68,68,68,68,68,68,68,68,68,75,83]} 1. Nf3 Nf6 2. g3 c5 3. Bg2 Nc6 4. O-O e5 5. c4 d5 6. cxd5 Nxd5 7. Nc3 Be6 $1 {[%mdl 4] [#] is recently more successful than 7...Nc7.} 8. Ng5 $1 {[%mdl 512]} Qxg5 {A30: Symmetrical English: Double Fianchetto and Hedgehog.} 9. Nxd5 Qd8 $1 10. e4 Bd6 {Black is slightly better.} 11. d3 O-O 12. Be3 {[#]} a5 $146 ({Predecessor:} 12... Qd7 13. Rc1 b6 14. a3 Ne7 15. Nxe7+ Bxe7 16. f4 Rad8 17. Rc3 exf4 18. gxf4 f5 {½-½ (27) Vastrukhin,O (2413)-Roiz,M (2605) St Petersburg 2018}) 13. Rc1 b6 14. a3 a4 15. f4 exf4 16. gxf4 Bxd5 17. exd5 Nd4 18. Bxd4 $1 cxd4 19. Rc6 f5 20. Qd2 Qf6 21. Rxb6 Rae8 22. Qc2 Qd8 23. Rc6 Qb8 24. Qc4 Rf6 25. Qxd4 Re2 26. Rf2 Re1+ 27. Rf1 Re2 28. Rf2 Re1+ 29. Rf1 Qe8 30. Qf2 ({Not} 30. Qxa4 $2 {[#]} Bc5+ $1 {[%mdl 512]} 31. Rxc5 Qxa4 $19) 30... Re2 31. Rc8 Qxc8 32. Qxe2 Qb8 33. Qf2 Rg6 34. Kh1 Rg4 {[%cal Rg4f4]} 35. Qe2 {Strongly threatening Qe6+.} g6 36. Bh3 Rh4 37. Bxf5 Rxf4 38. Qe6+ Kg7 39. Rxf4 Bxf4 40. Qe7+ Kh6 {...Bg5 is the strong threat.} 41. Be6 Bg5 42. Qb4 Qxb4 (42... Qe5 {keeps more tension.} 43. Qf8+ Kh5 44. Qf2 Bc1 45. Kg2 Qxb2 46. Qxb2 Bxb2 47. Bd7 Bxa3 48. Bxa4 Kg4) 43. axb4 $11 {[%mdl 4096] Endgame KB-KB} Bf6 44. Bd7 Bxb2 {( -> ...a3)} 45. Bxa4 Ba3 46. b5 $1 {[%cal Bb4b5,Bb5b6,Bb6b7][%mdl 32]} Bd6 47. b6 Kg5 48. Kg2 Kf4 49. h3 Ke3 50. b7 g5 51. Bd7 h6 52. Bf5 Kf4 53. Be6 {Accuracy: White = 95%, Black = 97%.} 1/2-1/2

[Event "73rd RUS-ch Higher League 2020"]
[Site "Sochi"]
[Date "2020.10.09"]
[Round "2.12"]
[White "Lobanov, Sergei"]
[Black "Fedoseev, Vladimir"]
[Result "0-1"]
[WhiteElo "2510"]
[BlackElo "2674"]
[Annotator "TA"]
[PlyCount "70"]
[EventDate "2020.10.08"]
[EventType "swiss"]
[EventCountry "RUS"]
[SourceTitle "playchess.com"]
[Source "ChessBase"]
[SourceQuality "1"]

{[%evp 13,70,24,29,42,35,34,55,58,103,48,81,44,54,53,66,43,72,0,0,0,0,-14,0,0,-13,-8,-18,-48,-34,-71,-19,-101,-95,-108,-125,-123,-55,-47,0,-135,-137,-143,-134,-135,-133,-140,-140,-132,-138,-132,-116,-187,-181,-170,-178,-171,-171,-275,-314]} 1. e4 c5 2. Nf3 d6 3. d4 cxd4 4. Nxd4 Nf6 5. Nc3 a6 6. h3 g6 7. g4 Bg7 8. Be3 {B90: Sicilian Najdorf: Unusual White 6th moves, 6 Be3 Ng4 and 6 Be3 e5.} Nc6 9. Qd2 Bd7 10. O-O-O {White is slightly better.} h6 11. f3 (11. f4 $16) 11... Rc8 12. h4 Ne5 {[#]} 13. Be2 $146 ({Predecessor:} 13. Rh2 Nxf3 14. Nxf3 Nxg4 15. Nd5 Nxh2 16. Bb6 Nxf3 17. Qg2 Ne5 18. Bxd8 Rxd8 19. Be2 {½-½ (31) Caglar,S (2062)-Dimitrijevic,A (2175) Tekirdag 2019}) 13... b5 $1 {[%cal Bb7b5,Bb5b4][%mdl 32]} 14. g5 b4 15. Nb1 ({White should play} 15. Nd5 $1 $16 Nxd5 16. gxh6 (16. exd5 hxg5 17. Bxg5 Qa5 $11) 16... Bxh6 17. Bxh6) 15... hxg5 $11 16. hxg5 Rxh1 17. Rxh1 Nh5 18. Rg1 (18. Qxb4 Ng3 $17) 18... a5 19. b3 Nc6 20. Bc4 Qc7 21. Nb5 Qb8 (21... Qb7 $17 22. a4 (22. Qxd6 Ne5 $17) 22... bxa3 23. N1xa3 Ne5) 22. f4 {[#]} (22. a4 $1 $11 {was the only way to keep the balance.}) 22... a4 $1 $17 {[%mdl 512]} 23. Be2 (23. bxa4 Na5) 23... axb3 24. axb3 Ba1 ({Black should try} 24... Qa8 $17 25. Bxh5 Qa2) 25. f5 $15 {And now fxg6 would win.} gxf5 26. Bxh5 (26. g6 $1 $11 {remains equal.} fxg6 27. Rxg6) 26... Qxb5 $17 27. g6 fxg6 28. Bxg6+ Kd8 {...f4! is the strong threat.} 29. Qd5 {[#]} Rb8 $1 {[%cal Bc8b8,Bb8b5,Bb5c5][%mdl 32]} ({Not} 29... Nd4 $2 30. Bxd4 Bxd4 31. Qxd4 $18) 30. Qxb5 Rxb5 31. exf5 Bf6 32. Bg5 (32. Nd2 $17 {is a better defense.}) 32... Nd4 $19 {Threatens to win with ...Ne2+.} ({Don't play} 32... Bxf5 33. Bxf6 exf6 34. Bxf5 $17) 33. Rg2 Bxg5+ 34. Rxg5 Rc5 35. Rg2 (35. Rg4 $142 Rxc2+ 36. Kd1 Nxf5 37. Bxf5 Bxf5 38. Rxb4) 35... Bc6 {Accuracy: White = 63%, Black = 81%.} ({Resist} 35... Bxf5 36. Bxf5 Rxf5 37. Kb2 $17) 0-1

[Event "73rd RUS-ch Higher League 2020"]
[Site "Sochi"]
[Date "2020.10.09"]
[Round "2.13"]
[White "Sarana, Alexey"]
[Black "Iljiushenok, Ilia"]
[Result "0-1"]
[WhiteElo "2657"]
[BlackElo "2515"]
[Annotator "TA"]
[PlyCount "92"]
[EventDate "2020.10.08"]
[EventType "swiss"]
[EventCountry "RUS"]
[SourceTitle "playchess.com"]
[Source "ChessBase"]
[SourceQuality "1"]

{[%evp 14,92,6,2,2,12,18,15,32,0,43,1,7,2,6,6,17,6,5,0,0,0,0,0,0,0,0,0,0,-2,9,-13,0,-10,0,0,0,0,0,0,0,0,0,0,12,13,19,6,40,-2,0,0,0,0,0,0,0,0,0,0,0,-278,-264,-264,-260,-248,-269,-261,-255,-264,-252,-283,-300,-298,-301,-289,-299,-4762,-3016,-2207,-1792]} 1. d4 Nf6 2. Bg5 Ne4 3. Bf4 c5 4. f3 Qa5+ 5. c3 Nf6 6. Nd2 cxd4 7. Nb3 Qd8 8. cxd4 e6 {A45: Trompowsky Attack.} 9. e4 Bb4+ {was the old line (9...Nc6).} 10. Bd2 Nc6 {The position is equal.} 11. Ne2 Qb6 (11... a5 {feels hotter.} 12. a4 O-O 13. Ng3 Bxd2+ 14. Qxd2 d6) 12. Bxb4 (12. Nc3 {seems wilder.} d5 13. e5 Nd7 14. Na4 Bxd2+ 15. Qxd2 Qb4 16. Qxb4 Nxb4 17. Kf2) 12... Nxb4 13. Nc3 O-O 14. Qd2 {aiming for Na4.} a5 15. Bb5 d6 16. O-O Bd7 17. a4 {[#]} Rfc8 $146 ({Predecessor:} 17... Bc6 18. Rac1 Rfc8 19. Rfd1 h6 20. Qf2 d5 21. e5 Bxb5 22. Nxb5 Rxc1 23. Nxc1 Ne8 24. Nd3 Nxd3 {½-½ (24) Holec,M-Hauser,J (2317) ICCF email 2011}) 18. Rfc1 Bc6 19. Kh1 h6 20. h3 Qd8 21. Kh2 Ne8 22. Be2 Nf6 23. Nd1 Nh5 24. g3 b6 25. Nc3 Nf6 26. Qe3 Qe7 27. Nd2 {[%cal Bb3d2,Bd2f1,Bf1e3][%mdl 32]} Rab8 28. Nf1 Nd7 29. Qd2 d5 30. e5 $1 f6 31. exf6 Qxf6 32. Ne3 e5 $36 {[%mdl 2048] Black has some pressure.} 33. Ng4 Qf5 34. dxe5 Nxe5 35. Nxe5 Qxe5 36. f4 Qf6 37. Rd1 $2 {[%mdl 8192] [#]} (37. Nb5 $11 {and White stays safe.}) 37... d4 $1 $19 {[%mdl 512]} 38. Na2 (38. Qxd4 Qxd4) 38... Bxa4 39. Nxb4 Bxd1 40. Rxd1 {And now Nd3 would win.} axb4 41. Qxb4 Re8 42. Bb5 Re4 43. Qc4+ Kh8 44. Qd5 {[#]} Qe7 $1 45. Bd3 $2 {[#]} (45. Ra1 Qe6 46. Qxe6 Rxe6 47. Ra3) 45... Re2+ $1 {[%mdl 576] Double Attack} 46. Kh1 (46. Bxe2 Qxe2+) 46... Re1+ {Accuracy: White = 80%, Black = 97%.} 0-1

[Event "73rd RUS-ch Higher League 2020"]
[Site "Sochi"]
[Date "2020.10.09"]
[Round "2.14"]
[White "Alekseev, Evgeny"]
[Black "Lugovskoy, Maxim"]
[Result "1-0"]
[WhiteElo "2626"]
[BlackElo "2420"]
[Annotator "TA"]
[PlyCount "55"]
[EventDate "2020.10.08"]
[EventType "swiss"]
[EventCountry "RUS"]
[SourceTitle "playchess.com"]
[Source "ChessBase"]
[SourceQuality "1"]

{[%evp 9,55,14,34,36,49,43,38,45,84,94,91,100,93,80,89,85,72,72,91,93,91,100,99,101,100,93,74,64,110,97,158,154,159,156,155,168,152,161,279,285,435,433,445,459,446,418,454,435]} 1. Nf3 Nf6 2. c4 e6 3. Nc3 d5 4. e3 Be7 5. b3 Ne4 6. Bb2 {A17: English Opening: 1...Nf6 with ...Bb4.} Bf6 7. Qc2 Nxc3 8. Bxc3 {[#] White is slightly better.} c5 $146 ({Predecessor:} 8... Nd7 9. Rc1 c6 10. Bxf6 Qxf6 11. d4 O-O 12. Bd3 h6 13. O-O Re8 14. e4 dxe4 15. Bxe4 {1-0 (33) Lauronen,T (2025)-Tuovinen,J (1977) Finland 2019}) 9. cxd5 exd5 10. Bxf6 Qxf6 11. d4 b6 12. Rd1 Nc6 13. dxc5 Bf5 14. Bd3 Nb4 15. Bb5+ Ke7 16. Qd2 bxc5 17. O-O {aiming for a3.} Be4 18. Be2 (18. a3 {seems wilder.} Rhb8 19. Be2 Nc6 20. Qc1 Rxb3 21. Nd2) 18... Rac8 19. Rc1 Qb6 {[#]} (19... Rhd8 $142) 20. a3 $1 $36 {[%cal Ra3b4][%mdl 2048] Black is under strong pressure.} Nc6 21. Ng5 Rhd8 22. Nxe4 dxe4 23. Qc2 f5 (23... Kf8 {might work better.} 24. Qxe4 g6) 24. Qxc5+ $18 Kf6 {[#]} (24... Qxc5 $142 25. Rxc5 Nb8 26. Rxf5 Nd7) 25. Qxb6 $1 axb6 26. Ba6 Rc7 27. Rc3 Ke5 28. Bb5 {Black did not feel at home in the position after the opening. Accuracy: White = 100%, Black = 55%.} 1-0

[Event "73rd RUS-ch Higher League 2020"]
[Site "Sochi"]
[Date "2020.10.09"]
[Round "2.15"]
[White "Kobalia, Mikhail"]
[Black "Ovchinnikov, Vsevolod"]
[Result "1/2-1/2"]
[WhiteElo "2614"]
[BlackElo "2349"]
[Annotator "TA"]
[PlyCount "203"]
[EventDate "2020.10.08"]
[EventType "swiss"]
[EventCountry "RUS"]
[SourceTitle "playchess.com"]
[Source "ChessBase"]
[SourceQuality "1"]

{[%evp 25,203,-1,0,-31,-14,-16,-18,-59,14,8,44,40,40,32,27,28,28,33,41,25,25,25,25,25,31,27,29,25,28,29,29,29,38,38,38,38,41,39,52,52,52,52,66,52,66,66,73,73,73,73,73,58,76,58,58,35,76,74,73,73,73,66,66,66,66,66,81,81,86,86,86,0,86,72,86,86,86,78,78,73,79,79,81,81,86,86,86,86,86,32,32,32,79,79,79,79,86,86,86,86,100,86,91,91,109,109,108,109,108,108,129,93,93,93,94,94,94,93,95,85,79,79,94,94,178,177,341,80,80,0,0,0,0,0,0,0,0,0,0,0,0,0,0,0,0,0,0,0,0,-15,0,0,0,0,0,0,0,-8,-8,-8,-8,-8,0,0,0,-8,0,-8,-8,-8,-8,-8,0,-10,-10,-10,8,8,8,8]} 1. e4 e6 2. d4 d5 3. Nc3 Bb4 4. e5 c5 5. a3 Bxc3+ 6. bxc3 Ne7 7. a4 Qc7 8. Nf3 b6 9. Bb5+ Bd7 10. Bd3 Nbc6 {[%cal Bb8c6,Bc6a5,Ba5c4][%mdl 32]} 11. O-O h6 12. Re1 O-O 13. Ba3 Na5 14. h3 $5 {[%mdl 4] An interesting side line. C19: French: 3 Nc3 Bb4: Main line: 7 Nf3 and 7 a4.} Bxa4 {[#]} 15. dxc5 $146 ({Predecessor:} 15. Nh2 a6 16. dxc5 bxc5 17. Bc1 Bb5 18. Bxh6 Bxd3 19. Qxd3 gxh6 20. Ng4 Kg7 21. Qf3 Ng8 {0-1 (29) Cabrilo,G (2466)-Drasko,M (2509) Vrnjacka Banja 1999}) 15... bxc5 16. Nh2 Ng6 (16... Rfb8 $15) 17. Qg4 Nc4 (17... Be8 {seems wilder.} 18. Bxg6 fxg6 19. Qxe6+ Bf7 20. Qg4 Nc4) 18. Bxg6 fxg6 19. Qxe6+ {[%mdl 64] Double Attack} Qf7 $1 {[%cal Rf7e6]} 20. Qxf7+ Rxf7 21. Bxc5 Bxc2 22. e6 Rc7 23. e7 Re8 24. Bxa7 Rexe7 25. Rxe7 Rxe7 26. Bd4 Rb7 27. Ra8+ Kf7 {Hoping for ...Rb1+.} 28. Ng4 h5 29. Ne3 Nxe3 30. Bxe3 $14 {[%mdl 4096] Endgame KRB-KRB} Rc7 31. Ra3 Bf5 32. Kh2 Bd3 33. Kg3 Kg8 34. h4 Kh7 35. Bd4 Rf7 36. Ra5 Bc4 37. Rc5 Bb3 38. Be5 Bc4 39. Bf4 Re7 40. Rc8 Rd7 41. Be5 Bd3 42. Re8 Bb5 43. Rf8 Re7 44. Bd4 Be8 45. f3 Bf7 46. Rd8 Be6 47. Kf4 Bg8 48. Kg3 Be6 $1 49. Kf2 Bf7 50. Rb8 Bg8 51. Rf8 Be6 52. Be5 Bg8 53. Bd6 Rd7 {[#]} 54. Bc5 $1 Rc7 55. Bd4 Re7 56. Rb8 Be6 57. Bc5 (57. Ra8 $16) 57... Rc7 58. Rb5 Bd7 59. Ra5 Rb7 60. Bd4 Be6 61. Ke3 Bf7 62. Be5 Rb2 63. g3 Rb7 64. Kd4 Rd7 65. Ra8 Bg8 66. Kc5 Re7 67. f4 Bf7 68. Kc6 Bg8 69. Kd6 Rf7 70. Bd4 Rb7 71. Rd8 Bf7 72. Rc8 Bg8 73. Rf8 Rf7 74. Rb8 Rf5 {[#]} (74... Kh8 $16 75. Rc8 Rb7) 75. Be5 $1 $18 Bf7 $2 (75... Rf7 76. Kxd5 Rf8+ 77. Kd4 Rxb8 78. Bxb8 g5 79. fxg5 Kg6) 76. Ra8 $2 (76. Rb7 $18 {is the precise move to win.}) 76... Bg8 $16 77. Rxg8 ({Better is} 77. Bd4 $16) 77... Kxg8 $11 {The position is equal.} 78. Kxd5 $16 {KR-KB} Rf8 79. c4 {[%cal Bc3c4,Bc4c5,Bc5c6,Bc6c7][%mdl 32]} Kf7 80. c5 Ra8 81. c6 {Strongly threatening c7.} Ke7 82. Bd6+ ({Wrong is} 82. Bxg7 $2 Ra5+ 83. Ke4 Kd6 $19) 82... Kd8 83. Ke6 Ra6 84. c7+ Kc8 85. Ke7 Rb6 86. Be5 Rb3 87. f5 Re3 88. Ke6 gxf5 89. Kxf5 g6+ 90. Kf6 Kd7 91. Bf4 Re6+ 92. Kf7 $132 {[%mdl 2048] White is not keeping still} Rb6 93. Be5 Rb5 94. Bf4 Rb6 95. Be5 Rb5 96. Bf6 Kxc7 97. Kxg6 Kd7 98. Bg5 Rb3 99. Kxh5 Rxg3 100. Kg6 Rh3 101. h5 Rxh5 102. Kxh5 {Accuracy: White = 89%, Black = 89%.} 1/2-1/2

[Event "73rd RUS-ch Higher League 2020"]
[Site "Sochi"]
[Date "2020.10.09"]
[Round "2.16"]
[White "Pridorozhni, Aleksei"]
[Black "Shuvalova, Polina"]
[Result "1/2-1/2"]
[WhiteElo "2596"]
[BlackElo "2441"]
[Annotator "ChessBase"]
[PlyCount "95"]
[EventDate "2020.10.08"]
[EventType "swiss"]
[EventCountry "RUS"]
[SourceTitle "playchess.com"]
[Source "ChessBase"]
[SourceQuality "1"]
[TimeControl "40/5400+30:1800+30"]

1. e4 {[%emt 0:00:00]} c6 {[%emt 0:00:00]} 2. d4 {[%emt 0:00:02]} d5 {[%emt 0:00:00]} 3. e5 {[%emt 0:00:06]} Bf5 {[%emt 0:00:00]} 4. h4 {[%emt 0:00:15]} h5 {[%emt 0:00:00]} 5. Bd3 {[%emt 0:00:34]} Bxd3 {[%emt 0:00:00]} 6. Qxd3 {[%emt 0:00:06]} Qa5+ {[%emt 0:00:02]} 7. Nd2 {[%emt 0:00:53]} e6 {[%emt 0:00:08]} 8. Ngf3 {[%emt 0:00:23]} Nh6 {[%emt 0:00:35]} 9. O-O {[%emt 0:01:01]} Nf5 {[%emt 0:00:08]} 10. c4 {[%emt 0:00:48]} Be7 {[%emt 0:00:10]} 11. g3 {[%emt 0:00:12]} O-O {[%emt 0:00:15]} 12. a3 {[%emt 0:01:17]} dxc4 {[%emt 0:06:37]} 13. Nxc4 {[%emt 0:02:55]} Qd5 {[%emt 0:00:30]} 14. Bg5 {[%emt 0:02:12]} Bxg5 {[%emt 0:03:44]} 15. Nxg5 {[%emt 0:01:07]} Qxd4 {[%emt 0:11:55]} 16. Qc2 {[%emt 0:02:26]} Qc5 {[%emt 0:14:21]} 17. b4 {[%emt 0:03:38]} Qe7 {[%emt 0:00:07]} 18. Nd6 {[%emt 0:00:32]} g6 {[%emt 0:08:21]} 19. Rfe1 {[%emt 0:12:21]} Na6 {[%emt 0:09:27]} 20. Rad1 {[%emt 0:06:45]} Rad8 {[%emt 0:01:14]} 21. Nxf5 {[%emt 0:02:18]} exf5 {[%emt 0:00:40]} 22. Rxd8 {[%emt 0:00:41]} Rxd8 {[%emt 0:02:45]} 23. e6 {[%emt 0:00:12]} f6 {[%emt 0:05:09]} 24. Nf7 {[%emt 0:00:22]} Re8 {[%emt 0:05:17]} 25. Qd2 {[%emt 0:01:48]} Qf8 {[%emt 0:01:17]} 26. Qd6 {[%emt 0:01:18]} Re7 {[%emt 0:06:54]} 27. Nd8 {[%emt 0:07:16]} Qe8 {[%emt 0:01:41]} 28. Kg2 {[%emt 0:05:04]} Kg7 {[%emt 0:03:49]} 29. Kh2 {[%emt 0:04:44]} Nc7 {[%emt 0:06:05]} 30. a4 {[%emt 0:08:32]} Na6 {[%emt 0:07:28]} 31. Rd1 {[%emt 0:00:39]} Kg8 {[%emt 0:01:20]} 32. Qd4 {[%emt 0:09:49]} Kg7 {[%emt 0:02:02]} 33. Qc4 {[%emt 0:00:30]} Nc7 {[%emt 0:01:10]} 34. Rd6 {[%emt 0:00:07]} Nd5 {[%emt 0:00:41]} 35. Qd4 {[%emt 0:01:32]} a6 {[%emt 0:00:21]} 36. Kg2 {[%emt 0:02:11]} Nc7 {[%emt 0:01:04]} 37. Qc4 {[%emt 0:04:30]} Nd5 {[%emt 0:00:20]} 38. b5 {[%emt 0:01:04]} axb5 {[%emt 0:00:05]} 39. axb5 {[%emt 0:00:04]} Nc7 {[%emt 0:03:08]} 40. bxc6 {[%emt 0:00:00]} bxc6 {[%emt 0:00:00]} 41. Qxc6 {[%emt 0:03:29]} Kf8 {[%emt 0:04:13]} 42. Qc4 {[%emt 0:19:37]} Kg7 {[%emt 0:04:31]} 43. Kh2 {[%emt 0:03:37]} Nb5 {[%emt 0:04:40]} 44. Rd7 {[%emt 0:07:10]} Rxd7 {[%emt 0:01:01]} 45. exd7 {[%emt 0:00:06]} Qxd8 {[%emt 0:03:23]} 46. Qc8 {[%emt 0:00:33]} Qb6 {[%emt 0:00:06]} 47. d8=Q {[%emt 0:00:09]} Qxf2+ {[%emt 0:00:05]} 48. Kh1 {[%emt 0:00:03]} 1/2-1/2

[Event "73rd RUS-ch Higher League 2020"]
[Site "Sochi"]
[Date "2020.10.09"]
[Round "2.17"]
[White "Zabotin, Alexander"]
[Black "Lintchevski, Daniil"]
[Result "1/2-1/2"]
[WhiteElo "2486"]
[BlackElo "2559"]
[Annotator "ChessBase"]
[PlyCount "28"]
[EventDate "2020.10.08"]
[EventType "swiss"]
[EventCountry "RUS"]
[SourceTitle "playchess.com"]
[Source "ChessBase"]
[SourceQuality "1"]
[TimeControl "40/5400+30:1800+30"]

1. d4 {[%emt 0:00:00]} d5 {[%emt 0:00:00]} 2. c4 {[%emt 0:00:00]} c6 {[%emt 0:00:01]} 3. cxd5 {[%emt 0:00:19]} cxd5 {[%emt 0:00:07]} 4. Bg5 {[%emt 0:00:06]} h6 {[%emt 0:02:47]} 5. Bh4 {[%emt 0:00:11]} Qb6 {[%emt 0:00:04]} 6. Nc3 {[%emt 0:00:05]} e6 {[%emt 0:00:05]} 7. Rc1 {[%emt 0:00:22]} Qxb2 {[%emt 0:24:59]} 8. Nxd5 {[%emt 0:22:23]} exd5 {[%emt 0:00:30]} 9. Rxc8+ {[%emt 0:00:30]} Kd7 {[%emt 0:00:30]} 10. Rxf8 {[%emt 0:00:30]} Qb4+ {[%emt 0:05:17]} 11. Qd2 {[%emt 0:00:00]} Qb1+ {[%emt 0:00:45]} 12. Qd1 {[%emt 0:00:00]} Qb4+ {[%emt 0:00:04]} 13. Qd2 {[%emt 0:00:00]} Qb1+ {[%emt 0:01:38]} 14. Qd1 {[%emt 0:01:11]} Qb4+ 1/2-1/2

[Event "73rd RUS-ch Higher League 2020"]
[Site "Sochi"]
[Date "2020.10.09"]
[Round "2.18"]
[White "Tugarin, Anton"]
[Black "Paravyan, David"]
[Result "0-1"]
[WhiteElo "2224"]
[BlackElo "2653"]
[Annotator "TA"]
[PlyCount "84"]
[EventDate "2020.10.08"]
[EventType "swiss"]
[EventCountry "RUS"]
[SourceTitle "playchess.com"]
[Source "ChessBase"]
[SourceQuality "1"]

{[%evp 16,84,27,18,37,34,37,33,38,36,47,0,0,0,0,0,0,1,9,10,106,58,75,62,70,51,58,37,43,45,37,25,27,0,67,-14,0,0,0,0,0,0,0,-201,-216,-193,-198,-173,-163,-186,-188,-293,-86,-2980,-2968,-2591,-2509,-2356,-1702,-1970,-1855,-29977,-29978,-29979,-29980,-29980,-29981,-29981,-29982,-6536,-6095]} 1. e4 c5 2. c3 e6 3. d4 cxd4 4. cxd4 d5 5. e5 Nc6 6. Nf3 Nge7 7. Na3 Nf5 8. Nc2 Bd7 9. Bd3 Nb4 {C02: French: Advance Variation.} 10. Nxb4 Bxb4+ 11. Bd2 Qb6 {White is slightly better.} 12. Bxf5 {Threatens to win with Bd3.} exf5 13. O-O Be7 14. Bg5 Bxg5 15. Nxg5 h6 16. Nh3 {[#]} g5 $146 ({Predecessor:} 16... Qxb2 17. Rb1 Qxa2 18. Rxb7 Be6 19. Nf4 O-O 20. Nxe6 fxe6 21. Qh5 Kh7 22. Re7 Qa6 {0-1 (44) Haba,P (2531)-Borovikov,V (2570) Pardubice 2002}) 17. f4 O-O-O (17... g4 $11 18. Nf2 Qxb2) 18. Qd2 g4 19. Nf2 Kb8 20. Rfc1 Rc8 21. b3 h5 22. Nd1 h4 23. Ne3 Be6 24. b4 g3 (24... f6 $11) 25. h3 ({White should play} 25. a4 $1 $14) 25... Qa6 26. Rc5 b6 27. Rxc8+ Rxc8 28. a4 b5 29. Qd3 $2 (29. a5 $11 {and White is okay.}) 29... Qc6 $1 $19 30. Kf1 ({Reject} 30. axb5 Qc3) 30... bxa4 31. Ke2 a6 $1 32. Ra2 Qb7 $1 33. Rc2 {[#]} (33. Qd2 $142) 33... Qxb4 $2 (33... Rc4 $1 $19 {[%mdl 512] and Black stays clearly on top.} 34. Rb2 (34. Nxc4 $2 {loses.} dxc4 {[%mdl 64] Discovered Attack} 35. Qf3 Bd5 $19) (34. Rxc4 dxc4) 34... a5) 34. Qxa6 $2 {[%mdl 8192] [#] This costs White the game.} (34. Rxc8+ $17 Bxc8 35. Nc2) 34... Rxc2+ $1 35. Nxc2 Qc4+ 36. Qxc4 dxc4 {[%mdl 4096] Endgame KB-KN} 37. Kd2 Bd5 38. Ne3 a3 39. Kc2 a2 40. Kb2 {[#]} c3+ $1 {[%mdl 512]} 41. Ka1 {[#]} (41. Kxc3 a1=Q+) 41... Bxg2 $1 {[%mdl 512]} 42. Kxa2 (42. Nxg2 c2) 42... Bxh3 {Accuracy: White = 58%, Black = 84%.} 0-1